[Event "FSGM May 2017"]
[Site "Budapest HUN"]
[Date "2017.05.16"]
[Round "9.1"]
[White "Li Bo"]
[Black "Farago,I"]
[Result "1-0"]
[WhiteElo "2359"]
[BlackElo "2411"]

1.d4 e6 2.c4 Nf6 3.Nc3 Bb4 4.Qc2 O-O 5.Nf3 c5 6.dxc5 Na6 7.g3 Nxc5 8.Bg2 d6
9.O-O Bd7 10.Rd1 Rc8 11.Bf4 e5 12.Bg5 Bxc3 13.Bxf6 Qxf6 14.Qxc3 b5 15.cxb5
Bxb5 16.Qe3 Na4 17.Rd2 Nb6 18.b3 e4 19.Nd4 Nd5 20.Qxe4 Nc3 21.Qf4 Nxe2+
22.Rxe2 Qxf4 23.gxf4 Bxe2 24.Nxe2 Rc2 25.Nd4 Rd2 26.Nc6 Re8 27.Bf3 d5 28.Nxa7
d4 29.Nc6 d3 30.Ne5 g5 31.Nc4 Rc2 32.fxg5 d2 33.Rd1 Re1+ 34.Kg2 {#r} 1-0

[Event "FSGM May 2017"]
[Site "Budapest HUN"]
[Date "2017.05.16"]
[Round "9.2"]
[White "Ikeda,J"]
[Black "Abdyjapar,Asyl"]
[Result "0-1"]
[WhiteElo "2412"]
[BlackElo "2390"]

1.Nf3 Nf6 2.g3 b6 3.Bg2 Bb7 4.O-O e6 5.c4 c5 6.Nc3 Be7 7.d4 cxd4 8.Qxd4 d6
9.Bg5 a6 10.Bxf6 Bxf6 11.Qf4 O-O 12.Rfd1 Be7 13.Ne4 Bxe4 14.Qxe4 Ra7 15.Nd4
Qc7 16.b3 Qc5 17.Rac1 Rc7 18.Qb1 Rfc8 19.Rc2 Qb4 20.Rcd2 g6 21.e3 Nd7 22.a3
Qc5 23.b4 Qe5 24.b5 axb5 25.Nxb5 Rxc4 26.Bf1 d5 27.Bxc4 Rxc4 28.Rc2 Rc5 29.a4
Qh5 30.Rxc5 Bxc5 31.Nd4 Ne5 32.Qc2 g5 33.Qe2 g4 34.h4 Qg6 35.Qc2 Qf6 36.Nb3
Bd6 37.Nd4 h5 38.Kg2 Kg7 39.Rb1 Nc4 40.Rd1 Be5 41.Qe2 Nd6 42.Nc6 Bc3 43.Rb1
Qf5 44.Rxb6 Qe4+ 45.Kh2 Nc4 46.Rb7 Kg6 47.a5 Bxa5 48.Nxa5 Ne5 49.Nb3 Nf3+
50.Kh1 Qb1+ {#R} 0-1

[Event "FSGM May 2017"]
[Site "Budapest HUN"]
[Date "2017.05.16"]
[Round "9.3"]
[White "Mihajlov,Seb"]
[Black "Pacher,M"]
[Result "0-1"]
[WhiteElo "2393"]
[BlackElo "2450"]

1.d4 f5 2.c4 Nf6 3.Nc3 e6 4.e3 b6 5.Be2 Bb4 6.Bf3 Bxc3+ 7.bxc3 Nc6 8.d5 exd5
9.cxd5 Ne5 10.d6 Ba6 11.Be2 Bxe2 12.Nxe2 c5 13.Ng3 g6 14.e4 fxe4 15.Nxe4 Nxe4
16.Qd5 Nxd6 17.Qxe5+ Qe7 18.Bf4 Nc4 19.Qxe7+ Kxe7 20.O-O-O d6 21.h4 Rhf8 22.g3
Kd7 23.Kc2 Rae8 24.a4 a6 25.Kb3 b5 26.axb5 axb5 27.Rhe1 Rxe1 28.Rxe1 Re8 {#R}
0-1

[Event "FSGM May 2017"]
[Site "Budapest HUN"]
[Date "2017.05.16"]
[Round "9.5"]
[White "Munkhgal,G"]
[Black "Ilincic,Z"]
[Result "0-1"]
[WhiteElo "2445"]
[BlackElo "2388"]

1.d4 Nf6 2.Nc3 d5 3.Bf4 c6 4.e3 Qb6 5.Rb1 Bf5 6.f3 Bg6 7.g4 h5 8.g5 Nfd7 9.h4
e6 10.Bd3 Bxd3 11.Qxd3 g6 12.Nge2 Qa6 13.Qd2 b5 14.b3 Bb4 15.O-O O-O 16.Qd3
Rc8 17.a4 Bxc3 18.Nxc3 b4 19.Ne2 c5 20.Bxb8 c4 21.Qd2 Raxb8 22.e4 Qd6 23.e5
Qb6 24.f4 a5 25.Rf3 Rb7 26.Rbf1 Rbc7 27.R1f2 Nf8 28.Kg2 Qa6 29.Ng3 Rc6 30.Ne2
R8c7 31.Ng3 Qc8 32.Qe2 Qa6 33.Qd2 Nd7 34.Ne2 Nb6 35.Qe3 Nc8 36.f5 exf5 37.Nf4
Ne7 38.e6 Rxe6 39.Nxe6 Qxe6 40.Qf4 Rc8 41.Re3 Qd7 42.Rfe2 Nc6 43.Re1 Kg7
44.Rd1 c3 45.Rde1 Rd8 46.R3e2 Kf8 47.Qe3 Qd6 48.Rf1 Qb8 49.Qd3 Qc7 50.Qe3 Qb8
51.Rf4 Rd7 52.Qf3 Qa7 53.Qf2 Rd6 54.Re3 Re6 55.Rxe6 fxe6 56.Qe2 Ke7 57.Qd3 Kd7
58.Kf1 Kd6 59.Kg2 Qg7 60.Qe3 e5 61.dxe5+ Qxe5 62.Qf2 d4 63.Kf1 Qd5 64.Kg1 Kc5
65.Qe2 Qe5 66.Qc4+ Kd6 67.Rf2 Qe1+ 68.Kg2 Qe4+ 69.Kg1 d3 70.Qf7 dxc2 71.Qxg6+
Kc7 72.Qf7+ Kb6 73.Rf1 Qe3+ 74.Kg2 Qe2+ 75.Rf2 Qg4+ 76.Kh2 c1=Q 77.Qxf5 Qcg1#
0-1

[Event "FSIM May 2017"]
[Site "Budapest HUN"]
[Date "2017.05.16"]
[Round "9.1"]
[White "Hilverda,A"]
[Black "Szalanczy,E"]
[Result "1-0"]
[WhiteElo "2400"]
[BlackElo "2230"]

1.d4 Nf6 2.c4 g6 3.Nc3 d5 4.cxd5 Nxd5 5.e4 Nxc3 6.bxc3 Bg7 7.Be3 c5 8.Qd2 Qa5
9.Nf3 O-O 10.Rc1 Nd7 11.Bd3 Nf6 12.O-O c4 13.Bc2 Ng4 14.Bg5 f6 15.Bf4 e5
16.dxe5 Nxe5 17.Nxe5 fxe5 18.Bg5 Be6 19.Rb1 Rf7 20.a4 Qc7 21.f3 Bf8 22.Be3 b6
23.a5 bxa5 24.Qf2 Rb8 25.h4 Rb3 26.Bxb3 cxb3 27.h5 gxh5 28.c4 a4 29.Qh4 Be7
30.Qxh5 Bf6 31.Bg5 Bxg5 32.Qxg5+ Rg7 33.Qh5 Rg6 34.Rfd1 Kg7 35.g4 h6 36.Rd2
Bf7 37.Rbd1 a3 38.Rd7 Qb6+ 39.Kg2 Qf6 40.Rxa7 a2 41.Rdd7 a1=Q 42.Rxa1 b2
43.Rb1 Qf4 44.Qf5 Qxf5 45.exf5 Rb6 46.c5 Rb4 47.c6 Kf6 48.c7 Ba2 49.c8=Q {#r}
1-0

[Event "FSIM May 2017"]
[Site "Budapest HUN"]
[Date "2017.05.16"]
[Round "9.2"]
[White "Radlovacki,J"]
[Black "Farago,S"]
[Result "1-0"]
[WhiteElo "2363"]
[BlackElo "2269"]

1.e4 c5 2.Nf3 e6 3.d3 Nc6 4.g3 g6 5.Bg2 Bg7 6.O-O Nge7 7.Re1 d6 8.c3 e5 9.Na3
O-O 10.Nc2 b6 11.Be3 d5 12.Qd2 dxe4 13.dxe4 Qc7 14.a4 Na5 15.Qe2 Be6 16.Nd2 c4
17.Nb4 Rad8 18.h4 Nb7 19.h5 Nc5 20.h6 Bh8 21.Bg5 f6 22.Be3 a5 23.Nd5 Bxd5
24.exd5 Nd3 25.Bxb6 Qc8 26.Bxd8 Rxd8 27.Nxc4 Qxc4 28.Rad1 Nf5 29.Qxd3 Qxa4
30.Qa6 Nd6 31.Ra1 Qe8 32.Rxa5 f5 33.Qc6 Qe7 34.Ra8 Bf6 35.Rxd8+ Qxd8 36.Ra1
Qe7 37.Ra6 Ne8 38.d6 {#r} 1-0

[Event "FSIM May 2017"]
[Site "Budapest HUN"]
[Date "2017.05.16"]
[Round "9.3"]
[White "Rajdeep,Sarkar"]
[Black "Vardan,Nagpal"]
[Result "1-0"]
[WhiteElo "2312"]
[BlackElo "2015"]

1.Nf3 Nf6 2.g3 d5 3.Bg2 c5 4.O-O e6 5.b3 Be7 6.Bb2 O-O 7.c4 b6 8.e3 Bb7 9.Qe2
dxc4 10.bxc4 Nbd7 11.Nc3 Rc8 12.Rfd1 Qc7 13.Ne1 Rfd8 14.f4 Bxg2 15.Nxg2 Qb7
16.d3 Nb8 17.g4 Rd7 18.Rab1 Rcd8 19.g5 Ne8 20.Nh4 Bf8 21.Nf3 f5 22.gxf6 Nxf6
23.Ng5 Re7 24.Kf2 Nc6 25.Qf3 e5 26.f5 Nb4 27.e4 h6 28.Ne6 Rd6 29.Nd5 Rexe6
30.fxe6 Rxe6 31.Ke2 Nbxd5 32.cxd5 Re8 33.Rg1 Nh7 34.Rbf1 c4 35.dxc4 Qc7 36.Qd3
Be7 37.Rf5 Bf6 38.d6 Qd7 39.Bxe5 Kh8 40.Bxf6 Nxf6 41.e5 Qc6 42.Kf1 Nd7 43.Qd4
b5 44.e6 {#r} 1-0

[Event "FSIM May 2017"]
[Site "Budapest HUN"]
[Date "2017.05.16"]
[Round "9.5"]
[White "Nemeth,Zo"]
[Black "Toth,Be1"]
[Result "0-1"]
[WhiteElo "2261"]
[BlackElo "2318"]

1.Nf3 Nf6 2.g3 d5 3.c4 e6 4.Bg2 d4 5.O-O c5 6.b4 cxb4 7.d3 Nc6 8.a3 a5 9.Bg5
Bd7 10.Nbd2 h6 11.Bf4 bxa3 12.Nb3 Bb4 13.Ra2 O-O 14.Nbxd4 Qe7 15.Nxc6 Bxc6
16.Qa1 Rfd8 17.Bc1 b5 18.cxb5 Bd5 19.Rxa3 Bxa3 20.Bxa3 Qb7 21.Rb1 a4 22.Rb4
Rdc8 23.e4 Bb3 24.Nd4 Bc2 25.Bf1 Qb6 26.Nc6 Rc7 27.Qc1 Bb3 28.Bb2 Rac8 29.Qd2
Rxc6 30.bxc6 Qxc6 31.Bxf6 gxf6 32.Qxh6 Qc5 33.Rb7 Qg5 34.Qxg5+ fxg5 35.Ra7 Rc1
36.Kg2 Ra1 37.Rb7 e5 38.f4 gxf4 39.gxf4 exf4 40.Be2 Ra2 41.Kf3 Kg7 42.d4 Rd2
43.Rb4 Bc2 44.Rb7 Rxd4 45.Ra7 Bxe4+ 46.Kxf4 Bc2+ 47.Ke3 Rh4 48.Bb5 Bb3 49.Be8
Rh3+ 50.Kd4 Rxh2 51.Kc3 Rh4 52.Kb2 Re4 53.Bxf7 Bxf7 54.Ka3 Kf6 55.Rxa4 Re3+
56.Kb2 Ke5 57.Ra3 Re2+ 58.Kc3 Bd5 59.Ra4 Re3+ 60.Kd2 Rh3 61.Rb4 Ra3 62.Kc2 Kd6
63.Kd2 Kc5 64.Rh4 Bc4 65.Rh5+ Kb4 66.Rh8 Rd3+ 67.Ke1 Kc3 68.Rh4 Rf3 69.Rh1 Bd3
70.Rg1 Kd4 71.Rg2 Rf1+ 72.Kd2 Ra1 73.Rg4+ Be4 74.Rg3 Ra2+ 75.Ke1 Bd3 76.Rf3
Kc3 77.Rg3 Rh2 78.Rf3 Rg2 79.Rf4 Re2+ 80.Kd1 Re7 81.Rf3 Re8 82.Rf4 Bc2+ {#R}
0-1

[Event "Match of Seconds 2017"]
[Site "Porto-Vecchio FRA"]
[Date "2017.05.16"]
[Round "2"]
[White "Nielsen,PH"]
[Black "Fressinet,L"]
[Result "0-1"]
[WhiteElo "2639"]
[BlackElo "2668"]

1.d4 d6 2.e4 g6 3.c4 Bg7 4.Ne2 Nf6 5.Nbc3 O-O 6.g3 Nc6 7.Bg2 e5 8.d5 Nd4 9.O-O
c5 10.dxc6 bxc6 11.Nxd4 exd4 12.Qxd4 Ng4 13.Qd1 Ne5 14.b3 Nxc4 15.bxc4 Bxc3
16.Bh6 Re8 17.Rc1 Bh8 18.e5 Rxe5 19.Bxc6 Bh3 20.Re1 Rc8 21.Bd5 Qe7 22.Bf4
Rxe1+ 23.Qxe1 Be5 24.Qe3 Re8 25.Re1 Be6 26.Bh6 Qf6 27.Bg5 Qf5 28.Qd2 Bxd5
29.cxd5 Rc8 30.Bh6 Rc2 31.Qe3 Rxa2 32.h4 Rc2 33.Qxa7 Rc8 34.Qe7 Qf6 35.Qd7 Qd8
36.Qb5 Bg7 37.Bf4 h5 38.Rb1 Be5 39.Bg5 Qc7 40.Be3 Kg7 41.Qa6 Qc4 42.Qb7 Qe4
43.Rd1 {#R} 0-1

[Event "Mateu Chalmeta Mem 2017"]
[Site "Sant Boi ESP"]
[Date "2017.05.19"]
[Round "5.1"]
[White "Cruz,F"]
[Black "Ryan,Jo"]
[Result "0-1"]
[WhiteElo "2346"]
[BlackElo "2258"]

1.d4 e6 2.c4 b6 3.Nc3 Bb4 4.Bd2 Bb7 5.Nf3 Nf6 6.g3 Bxc3 7.Bxc3 Ne4 8.Qc2 Nxc3
9.Qxc3 O-O 10.Bg2 d6 11.O-O Nd7 12.Rfd1 a5 13.Rac1 Ra7 14.Bh3 Nf6 15.Nd2 Ne4
16.Nxe4 Bxe4 17.d5 e5 18.b3 Bg6 19.a3 Qe7 20.Qe3 f5 21.f4 Re8 22.fxe5 Qxe5
23.Qxe5 Rxe5 24.Kf2 Bh5 25.Rd2 Ra8 26.Rc3 g5 27.Bf1 f4 28.gxf4 Rf8 29.Rd4
Rxf4+ 30.Rxf4 gxf4 31.Rh3 Bg6 32.Bg2 Kg7 33.b4 axb4 34.axb4 Kf6 35.c5 bxc5
36.bxc5 dxc5 37.Rc3 Bh5 38.Bf3 Bxf3 39.Kxf3 Rxd5 40.Rc1 Rh5 41.Kg2 Ke6 42.Rc4
Rf5 43.Kf3 Kd5 44.Rc1 c4 45.Rd1+ Kc5 46.Rd7 c6 47.Rxh7 c3 48.Ra7 Kb4 49.Ke4
Rc5 50.Ra1 c2 51.Rc1 Kc3 52.Kxf4 Kd2 {#R} 0-1

[Event "Mateu Chalmeta Mem 2017"]
[Site "Sant Boi ESP"]
[Date "2017.05.19"]
[Round "5.2"]
[White "Cruz,Jon"]
[Black "Morros Faura,R"]
[Result "1-0"]
[WhiteElo "2433"]
[BlackElo "2256"]

1.e4 d6 2.Nc3 Nf6 3.d4 g6 4.Bg5 Bg7 5.e5 Nfd7 6.Nd5 f6 7.exf6 Nxf6 8.Bc4 Nxd5
9.Bxd5 c6 10.Bb3 Qa5+ 11.Bd2 Qf5 12.Ne2 Be6 13.Bxe6 Qxe6 14.O-O O-O 15.Nf4 Qf7
16.Qg4 Bh6 17.Nxg6 Qxg6 18.Qxg6+ hxg6 19.Bxh6 Rf7 20.Rae1 c5 21.dxc5 dxc5
22.Re6 Nc6 23.Be3 Rf6 24.Rxf6 exf6 25.Bxc5 Rd8 26.Be3 Nd4 27.c3 Nf5 28.Bxa7
Rd2 29.Rb1 Nd6 30.Be3 Rc2 31.g3 Nc4 32.Bd4 Kf7 33.b3 Nd2 34.Rd1 Rxa2 35.Be3
Nf3+ 36.Kg2 Ne5 37.Rd4 g5 38.h3 Kg6 39.Rd6 g4 40.hxg4 Nxg4 41.Bd4 Kf5 42.Rb6
Ke4 43.Rxb7 Kd5 44.Rb5+ Ke4 45.Rb6 Kd5 46.b4 Rb2 47.Rb8 Kc6 48.Rg8 Ne5 49.Rf8
Nd7 50.Rf7 Kd6 51.Bxf6 Ke6 52.Re7+ Kd6 53.Bg5 Ne5 54.Re8 Ng4 55.Rd8+ Kc7
56.Rd2 {#r} 1-0

[Event "Mateu Chalmeta Mem 2017"]
[Site "Sant Boi ESP"]
[Date "2017.05.19"]
[Round "5.3"]
[White "Ros Alonso,Jaume"]
[Black "Lorenzo de la Riva,L"]
[Result "0-1"]
[WhiteElo "2211"]
[BlackElo "2379"]

1.e4 e5 2.Nf3 Nc6 3.Bb5 a6 4.Ba4 d6 5.O-O Bg4 6.c3 Qf6 7.d4 b5 8.Bb3 Bxf3
9.gxf3 exd4 10.Bd5 Nge7 11.Re1 Rb8 12.f4 h5 13.Kh1 Nxd5 14.exd5+ Ne7 15.cxd4
Qf5 16.Nc3 Rh6 17.Bd2 Rg6 18.Qf3 Qg4 19.Qxg4 hxg4 20.Ne4 Kd7 21.Rac1 f5 22.Ng3
Rf6 23.Re6 Rf7 24.Rce1 Nxd5 25.Kg2 Be7 26.f3 gxf3+ 27.Kxf3 Rh8 28.R1e2 Bh4
29.a3 Bxg3 30.hxg3 Rf6 31.Rxf6 Nxf6 32.Ba5 Ne4 33.d5 Rh3 34.Be1 g6 35.Kg2 Rh7
36.Kf3 Re7 37.Ba5 g5 38.Rc2 g4+ 39.Kg2 Kc8 40.Bb4 Kb7 41.Ba5 Nf6 42.Rd2 Re3
43.Kf2 Rb3 44.Kg2 Rf3 45.Kh2 Ne4 46.Rc2 Rf2+ 47.Rxf2 Nxf2 48.Bc3 Ne4 49.Bd4 c5
50.dxc6+ Kxc6 51.Kg2 Kd5 {#R} 0-1

[Event "Mateu Chalmeta Mem 2017"]
[Site "Sant Boi ESP"]
[Date "2017.05.19"]
[Round "5.5"]
[White "Moreno Martin,D"]
[Black "Quirhuayo Chumbe,German Gonzalo"]
[Result "0-1"]
[WhiteElo "2194"]
[BlackElo "2291"]

1.e4 c5 2.Nc3 d6 3.f4 g6 4.Nf3 Bg7 5.Bb5+ Nc6 6.Bxc6+ bxc6 7.d3 Nf6 8.O-O O-O
9.Qe1 Ne8 10.Bd2 c4 11.d4 Bg4 12.Be3 Qb6 13.Na4 Qa6 14.b3 c5 15.Rd1 cxb3
16.cxb3 cxd4 17.Bxd4 Rc8 18.Rd2 Bd7 19.Qe3 Bxa4 20.bxa4 Qxa4 21.Bxa7 Rc3
22.Qf2 Nf6 23.e5 Ng4 24.Qd4 Rc4 25.Qb6 Ra8 26.exd6 exd6 27.Rxd6 Bf8 28.Rd4
Rxd4 29.Qxd4 Qxa7 30.Qxa7 Rxa7 31.h3 Bc5+ 32.Kh1 Nf2+ 33.Kh2 Rxa2 34.Rc1 Bd6
35.Rc4 Nd3 {#R} 0-1